Daidalos a Ikaros (Record no. 21957)
[ view plain ]
| 000 -LEADER | |
|---|---|
| fixed length control field | 01584cam a2200445 a 4500 |
| 001 - CONTROL NUMBER | |
| control field | 21957 |
| 003 - CONTROL NUMBER IDENTIFIER | |
| control field | VRT |
| 005 - DATE AND TIME OF LATEST TRANSACTION | |
| control field | 20260316114502.0 |
| 008 - FIXED-LENGTH DATA ELEMENTS--GENERAL INFORMATION | |
| fixed length control field | 240702s1993 xo a g 000 j slo |
| 015 ## - NATIONAL BIBLIOGRAPHY NUMBER | |
| National bibliography number | SNBA1994/04 |
| 020 ## - INTERNATIONAL STANDARD BOOK NUMBER | |
| International Standard Book Number | 8006000514 |
| Qualifying information | (viaz.) |
| 035 ## - SYSTEM CONTROL NUMBER | |
| System control number | SNK000017596 |
| 035 ## - SYSTEM CONTROL NUMBER | |
| System control number | urn:nbn:sk:snk-amlnr8 |
| 035 ## - SYSTEM CONTROL NUMBER | |
| System control number | urn:nbn:sk:snk-am00bwql |
| 035 ## - SYSTEM CONTROL NUMBER | |
| System control number | 188A3B9A-38B9-45AF-995C-47B8BB70E005 |
| 039 #9 - LEVEL OF BIBLIOGRAPHIC CONTROL AND CODING DETAIL [OBSOLETE] | |
| Level of rules in bibliographic description | 202407081448 |
| Level of effort used to assign nonsubject heading access points | msnk167 |
| Level of effort used to assign subject headings | 202407021352 |
| Level of effort used to assign classification | VLOAD |
| Level of effort used to assign subject headings | 202407021352 |
| Level of effort used to assign classification | VLOAD |
| Level of effort used to assign subject headings | 202403181541 |
| Level of effort used to assign classification | VLOAD |
| 040 ## - CATALOGING SOURCE | |
| Original cataloging agency | SNK |
| Language of cataloging | slo |
| Transcribing agency | SNK |
| Description conventions | AACR2 |
| 041 0# - LANGUAGE CODE | |
| Language code of text/sound track or separate title | slo |
| 044 ## - COUNTRY OF PUBLISHING/PRODUCING ENTITY CODE | |
| MARC country code | xo |
| ISO country code | SK |
| 072 #7 - SUBJECT CATEGORY CODE | |
| Subject category code | 821.162.4-3 |
| Subject category code subdivision | Slovenská próza |
| Source | konspekt |
| 080 ## - UNIVERSAL DECIMAL CLASSIFICATION NUMBER | |
| Universal Decimal Classification number | 885.4-3(087.5) |
| Edition identifier | 1981 |
| 100 1# - MAIN ENTRY--PERSONAL NAME | |
| Personal name | Dušek, Dušan, |
| Dates associated with a name | 1946- |
| Relationship | adp |
| 245 10 - TITLE STATEMENT | |
| Title | Daidalos a Ikaros |
| Statement of responsibility, etc. | Dušan Dušek, Vladimír Machaj ; ilustr. Vladimír Machaj |
| 250 ## - EDITION STATEMENT | |
| Edition statement | 1. vyd. |
| 260 ## - PUBLICATION, DISTRIBUTION, ETC. | |
| Place of publication, distribution, etc. | Bratislava |
| Name of publisher, distributor, etc. | Mladé letá |
| Date of publication, distribution, etc. | 1993 |
| Place of manufacture | S.l.ČTK Repro |
| Manufacturer | ČTK Repro |
| 300 ## - PHYSICAL DESCRIPTION | |
| Extent | 27 s. |
| Other physical details | ilustr. |
| Dimensions | 28 cm |
| 500 ## - GENERAL NOTE | |
| General note | Ilustr. na tit. liste, front. a predsádkach |
| 655 #7 - INDEX TERM--GENRE/FORM | |
| Genre/form data or focus term | slovenské prózy |
| Source of term | SNKPH |
| 655 #7 - INDEX TERM--GENRE/FORM | |
| Genre/form data or focus term | grécke báje |
| Source of term | SNKPH |
| 655 #7 - INDEX TERM--GENRE/FORM | |
| Genre/form data or focus term | literárne adaptácie |
| Source of term | SNKPH |
| 700 1# - ADDED ENTRY--PERSONAL NAME | |
| Personal name | Machaj, Vladimír, |
| Dates associated with a name | 1929-2016 |
| Relationship | ill |
| 942 ## - ADDED ENTRY ELEMENTS (KOHA) | |
| Source of classification or shelving scheme | Dewey Decimal Classification |
| Koha item type | Krásna literatúra pre deti |
| Suppress in OPAC | No |
| 949 ## - LOCAL PROCESSING INFORMATION (OCLC) | |
| a | snklmKK 1019 |
| b | snklm915/2001 |
| 949 ## - LOCAL PROCESSING INFORMATION (OCLC) | |
| 6 | 0174026612 |
| a | lesknPRINT |
| b | lesknBD2013/19800 |
| 949 ## - LOCAL PROCESSING INFORMATION (OCLC) | |
| 6 | 17A0080454 |
| 9 | P60, <05>, [BOOK], {605} |
| a | snkSB 52370 D1 |
| 949 ## - LOCAL PROCESSING INFORMATION (OCLC) | |
| 6 | 3869A08741 |
| a | bpksh885.4-32 |
| b | bpksh45746 |
| 949 ## - LOCAL PROCESSING INFORMATION (OCLC) | |
| 6 | 17A0905158 |
| a | snkSB 52370 |
| s | 6100:20160606 |
| Stav vyradenia | Strata | Poškodenie | Spôsob nadobudnutia | Domovská knižnica | Aktuálna knižnica | Dátum nadobudnutia | Total checkouts | Čiarový kód exemplára | Date last seen | Typ exemplára |
|---|---|---|---|---|---|---|---|---|---|---|
| Dar | Obecná knižnica Turčianska Štiavnička | Obecná knižnica Turčianska Štiavnička | 16.03.2026 | 4738000400 | 16.03.2026 | Krásna literatúra pre deti |
